Categorize the Colors Quiz Stats

 Plays Quiz Updated Aug 29, 2017

Challenge
Share
Tweet
Embed
Score 0/35 Timer 05:00
5 Plays Today
% Correct
Ruby
95.9%
Rose
92.2%
Scarlet
92.1%
Cream
87.6%
Ivory
87.6%
Lavender
86.2%
Pearl
85.3%
Mint
84.4%
Lime
84.4%
Bronze
82.7%
Olive
82.5%
Eggshell
82.5%
Mustard
82.3%
Chestnut
82.1%
Azure
81.2%
Denim
80.6%
Copper
80.2%
Linen
78.4%
% Correct
Sapphire
77.5%
Amethyst
77%
Pistachio
76.3%
Asparagus
75.8%
Goldenrod
74.9%
Cyan
73.9%
Orchid
71.1%
Maize
69%
Cerulean
68.4%
Sepia
65.3%
Amber
59.1%
Saffron
58.7%
Vermilion
52.6%
Heliotrope
39.2%
Byzantium
38.6%
Amaranth
35.1%
Fallow
30%

You're not logged in!

Compare scores with friends on all Sporcle quizzes.
Join for Free
OR
Log In

You Might Also Like...

Show Comments

Extras

Top Quizzes Today


Score Distribution

Your Account Isn't Verified!

In order to create a playlist on Sporcle, you need to verify the email address you used during registration. Go to your Sporcle Settings to finish the process.

Report this User

Report this user for behavior that violates our Community Guidelines.

Details: